[Event "Bremen-ch op"]
[Site "Bremen"]
[Date "2016.03.19"]
[Round "1"]
[White "Beinke, Lukas"]
[Black "Steingraeber, Hans Joachim"]
[Result "1-0"]
[WhiteElo "1886"]
[BlackElo "1561"]
[PlyCount "47"]
[EventDate "2016.03.19"]
[EventType "swiss"]
[EventRounds "9"]
[EventCountry "GER"]
[SourceTitle "EXT 2018"]
[Source "ChessBase"]
[SourceDate "2017.10.13"]
[SourceVersion "1"]
[SourceVersionDate "2017.10.13"]
[SourceQuality "1"]

1. e4 e5 2. Nf3 Nc6 3. Bc4 Bc5 4. c3 a6 5. d4 exd4 6. cxd4 Bb4+ 7. Nc3 b5 8. Bd3 d6 9. Bg5 Nge7 10. h3 0-0 11. 0-0 Bxc3 12. bxc3 f6 13. Bd2 d5 14. Qc2 dxe4 15. Bxe4 f5 16. Bd3 Ng6 17. Qb3+ Kh8 18. Ng5 Qd7 19. Rfe1 Bb7 20. Ne6 Rf7 21. Nc5 Na5 22. Nxd7 Nxb3 23. axb3 Nh4 24. Ne5 1-0

[Event "Prague Summer op 1st"]
[Site "Prague"]
[Date "2014.08.09"]
[Round "1"]
[White "Beinke, Lukas"]
[Black "Suran, Jan"]
[Result "0-1"]
[WhiteElo "1887"]
[BlackElo "2366"]
[PlyCount "58"]
[EventDate "2014.08.09"]
[EventType "swiss"]
[EventRounds "9"]
[EventCountry "CZE"]
[SourceTitle "CBM 162 Extra"]
[Source "ChessBase"]
[SourceDate "2014.10.17"]
[SourceVersion "1"]
[SourceVersionDate "2014.10.17"]
[SourceQuality "1"]

1. d4 Nf6 2. Nf3 c5 3. c4 cxd4 4. Nxd4 Nc6 5. Nc3 g6 6. e4 d6 7. Be2 Bg7 8. Be3 0-0 9. 0-0 Bd7 10. Qd2 Nxd4 11. Bxd4 Bc6 12. f3 a5 13. Rac1 a4 14. Rfd1 Nd7 15. Be3 Nc5 16. Bxc5 dxc5 17. Qxd8 Rfxd8 18. Nd5 Kf8 19. Rc2 e6 20. Nc3 Rxd1+ 21. Nxd1 f5 22. exf5 gxf5 23. g4 Bd4+ 24. Kf1 Ke7 25. h3 Rf8 26. Kg2 h5 27. Kg3 fxg4 28. fxg4 Be4 29. Rd2 Be5+ 0-1

[Event "Olomouc op 17th"]
[Site "Olomouc"]
[Date "2014.07.31"]
[Round "1"]
[White "Beinke, Lukas"]
[Black "Simacek, Pavel"]
[Result "0-1"]
[WhiteElo "1887"]
[BlackElo "2470"]
[PlyCount "68"]
[EventDate "2014.07.31"]
[EventType "swiss"]
[EventRounds "9"]
[EventCountry "CZE"]
[SourceTitle "CBM 161 Extra"]
[Source "ChessBase"]
[SourceDate "2014.08.29"]
[SourceVersion "1"]
[SourceVersionDate "2014.08.29"]
[SourceQuality "1"]

1. e4 c6 2. d4 d5 3. Nd2 dxe4 4. Nxe4 Bf5 5. Ng3 Bg6 6. Nf3 Nd7 7. h4 h6 8. h5 Bh7 9. Bd3 Bxd3 10. Qxd3 e6 11. Bf4 Qa5+ 12. Bd2 Bb4 13. a3 Bxd2+ 14. Nxd2 Ngf6 15. b4 Qc7 16. 0-0 0-0 17. Nde4 Nh7 18. Rad1 Rad8 19. Qf3 f5 20. Nc5 Nxc5 21. bxc5 Ng5 22. Qb3 f4 23. Ne4 Nxe4 24. Qxe6+ Qf7 25. Qxe4 Qxh5 26. Qe6+ Kh8 27. Rd3 f3 28. Qh3 Qd5 29. Re1 fxg2 30. Re5 Qa2 31. Re6 Kh7 32. Qg4 Qxc2 33. Rxh6+ Kg8 34. Qe6+ Rf7 0-1

[Event "Niedersachsen-ch U18"]
[Site "Norderney"]
[Date "2014.04.16"]
[Round "7"]
[White "Beinke, Lukas"]
[Black "Schiermeyer, Lukas"]
[Result "1/2-1/2"]
[WhiteElo "1891"]
[BlackElo "1716"]
[PlyCount "55"]
[EventDate "2014.04.??"]
[EventType "swiss"]
[EventRounds "9"]
[EventCountry "GER"]
[SourceTitle "EXT 2017"]
[Source "ChessBase"]
[SourceDate "2016.10.25"]
[SourceVersion "1"]
[SourceVersionDate "2016.10.25"]
[SourceQuality "1"]

1. Nf3 Nf6 2. g3 g6 3. Bg2 Bg7 4. c4 c5 5. 0-0 0-0 6. Nc3 Nc6 7. d3 d6 8. e3 Rb8 9. Ne1 Bg4 10. f3 Be6 11. e4 Nd4 12. Nc2 Nd7 13. f4 Nxc2 14. Qxc2 f6 15. f5 Bf7 16. a3 a6 17. Kh1 Ne5 18. Bd2 g5 19. Nd5 h5 20. Rab1 Nc6 21. b4 Nd4 22. Qb2 b6 23. Be3 Nc6 24. b5 Ne5 25. Qc2 a5 26. h3 Rc8 27. Rbd1 Kh7 28. Qd2 1/2-1/2

[Event "Niedersachsen-ch U18"]
[Site "Norderney"]
[Date "2014.04.15"]
[Round "6"]
[White "Beinke, Lukas"]
[Black "Schumann, Steffen"]
[Result "0-1"]
[WhiteElo "1891"]
[BlackElo "1827"]
[PlyCount "80"]
[EventDate "2014.04.??"]
[EventType "swiss"]
[EventRounds "9"]
[EventCountry "GER"]
[SourceTitle "EXT 2017"]
[Source "ChessBase"]
[SourceDate "2016.10.25"]
[SourceVersion "1"]
[SourceVersionDate "2016.10.25"]
[SourceQuality "1"]

1. d4 Nf6 2. Nf3 g6 3. c4 Bg7 4. g3 0-0 5. Bg2 d6 6. 0-0 Nbd7 7. Nc3 c6 8. e4 e5 9. h3 h6 10. Be3 Qc7 11. Qc2 Ne8 12. dxe5 dxe5 13. Nd2 f5 14. f4 Nd6 15. c5 Nxe4 16. Ncxe4 fxe4 17. Nxe4 Nf6 18. Nd6 Nd5 19. Bd2 exf4 20. Qxg6 Rf6 21. Qd3 Be6 22. Rae1 Raf8 23. Bxf4 Nxf4 24. Rxf4 Qa5 25. Ref1 Qxc5+ 26. Kh2 Rxf4 27. Rxf4 Rxf4 28. gxf4 Qf2 29. Qg3 Qxb2 30. f5 Bxa2 31. Nxb7 Kh8 32. Qb8+ Kh7 33. f6 Bd5 34. Qg3 Bxf6 35. Qd3+ Kh8 36. Qg6 Qxg2+ 37. Qxg2 Bxg2 38. Kxg2 Kg7 39. Kf3 Kf7 40. Ke4 Ke7 0-1

[Event "GER-chT U20"]
[Site "Osnabrueck"]
[Date "2013.12.29"]
[Round "6.2"]
[White "Beinke, Lukas"]
[Black "Beeck, Mats"]
[Result "1/2-1/2"]
[WhiteElo "1927"]
[BlackElo "1932"]
[PlyCount "60"]
[EventDate "2013.12.27"]
[EventType "team-swiss"]
[EventRounds "7"]
[EventCountry "GER"]
[SourceTitle "EXT 2015"]
[Source "ChessBase"]
[SourceDate "2014.11.20"]
[SourceVersion "1"]
[SourceVersionDate "2014.11.20"]
[SourceQuality "1"]
[WhiteTeam "Hagen"]
[BlackTeam "Kiel Doppelbauer"]
[WhiteTeamCountry "GER"]
[BlackTeamCountry "GER"]

1. Nf3 Nf6 2. c4 e6 3. g3 d5 4. Bg2 Be7 5. 0-0 0-0 6. d4 dxc4 7. Qc2 a6 8. Qxc4 b5 9. Qc2 Bb7 10. Nc3 Nbd7 11. a3 c5 12. dxc5 Bxc5 13. Bf4 Be7 14. Rac1 Rc8 15. Qb1 Nd5 16. Nxd5 Bxd5 17. Rxc8 Qxc8 18. Rc1 Qe8 19. e4 Ba8 20. Nd4 Bf6 21. Nc6 e5 22. Be3 Qe6 23. Nb4 Be7 24. Nd5 Bd6 25. Qd3 Bb7 26. h4 Rc8 27. Rxc8+ Bxc8 28. Kh2 Nf6 29. f3 Nxd5 30. exd5 Qe7 1/2-1/2

[Event "Niedersachsen-ch U16"]
[Site "Rotenburg"]
[Date "2013.03.28"]
[Round "8"]
[White "Voege, Tobias"]
[Black "Beinke, Lukas"]
[Result "0-1"]
[WhiteElo "1882"]
[BlackElo "1860"]
[PlyCount "72"]
[EventDate "2013.03.23"]
[EventType "swiss"]
[EventRounds "9"]
[EventCountry "GER"]
[SourceTitle "EXT 2015"]
[Source "ChessBase"]
[SourceDate "2014.11.20"]
[SourceVersion "1"]
[SourceVersionDate "2014.11.20"]
[SourceQuality "1"]

1. d4 Nf6 2. c4 g6 3. Nc3 Bg7 4. Bg5 c5 5. d5 d6 6. Nf3 0-0 7. e3 e6 8. Be2 exd5 9. cxd5 Bg4 10. 0-0 Bxf3 11. Bxf3 Nbd7 12. Be2 a6 13. a4 Re8 14. Qc2 Rb8 15. e4 Qc7 16. f4 c4 17. Kh1 Nc5 18. e5 dxe5 19. fxe5 Nfd7 20. e6 fxe6 21. Bxc4 Ne5 22. Bf4 Qd8 23. Bxe5 Bxe5 24. Qe2 exd5 25. Nxd5 Kh8 26. Rad1 Qh4 27. Rf8+ Kg7 28. g3 Bxg3 29. Rxe8 Rxe8 30. Qg2 Bxh2 31. Qxh2 Qxc4 32. Qc7+ Kh8 33. Qf7 Qe4+ 34. Kh2 Qe2+ 35. Kg3 Ne4+ 36. Kh4 Qh5# 0-1

[Event "Niedersachsen-ch U16"]
[Site "Rotenburg"]
[Date "2013.03.27"]
[Round "6"]
[White "Beinke, Lukas"]
[Black "Schumann, Steffen"]
[Result "0-1"]
[WhiteElo "1860"]
[BlackElo "1784"]
[PlyCount "74"]
[EventDate "2013.03.23"]
[EventType "swiss"]
[EventRounds "9"]
[EventCountry "GER"]
[SourceTitle "EXT 2015"]
[Source "ChessBase"]
[SourceDate "2014.11.20"]
[SourceVersion "1"]
[SourceVersionDate "2014.11.20"]
[SourceQuality "1"]

1. c4 g6 2. g3 Bg7 3. Bg2 d6 4. Nc3 Nc6 5. Nf3 e5 6. d3 h6 7. 0-0 f5 8. e3 Nf6 9. Ne1 0-0 10. Nc2 g5 11. f4 Rb8 12. Bd2 Be6 13. b3 d5 14. Rc1 gxf4 15. exf4 dxc4 16. dxc4 e4 17. Qe2 Qe7 18. Rfd1 Rfd8 19. Be1 Qf7 20. Na4 b6 21. Bc3 h5 22. Nd4 Nxd4 23. Bxd4 Rd7 24. Rd2 Rbd8 25. Rcd1 c5 26. Be5 Ng4 27. Bc3 Rxd2 28. Rxd2 Bd4+ 29. Bxd4 cxd4 30. h3 d3 31. Qd1 Ne3 32. Qb1 Nc2 33. c5 e3 34. Rxc2 dxc2 35. Qxc2 Rd2 36. Qc3 Rd1+ 37. Kh2 e2 0-1

[Event "Niedersachsen-ch op-A"]
[Site "Verden"]
[Date "2013.01.06"]
[Round "7"]
[White "Beinke, Lukas"]
[Black "Schmidt, Dennis"]
[Result "1/2-1/2"]
[WhiteElo "1844"]
[BlackElo "2063"]
[PlyCount "56"]
[EventDate "2013.01.03"]
[EventType "swiss"]
[EventRounds "7"]
[EventCountry "GER"]
[SourceTitle "EXT 2014"]
[Source "ChessBase"]
[SourceDate "2013.11.20"]
[SourceVersion "1"]
[SourceVersionDate "2013.11.20"]
[SourceQuality "1"]

1. e4 c5 2. Nf3 d6 3. c4 e5 4. Nc3 Nc6 5. d3 g6 6. Nd5 h6 7. Bd2 Nf6 8. h3 Bg7 9. g3 0-0 10. Bg2 Nxd5 11. cxd5 Ne7 12. b4 b6 13. a4 f5 14. a5 Ba6 15. Qb1 fxe4 16. dxe4 Qd7 17. Ra3 Bc4 18. Bf1 Qb5 19. Bxc4 Qxc4 20. Qd3 Qxd3 21. Rxd3 c4 22. Rc3 b5 23. 0-0 a6 24. Nh2 Rf7 25. Rcc1 Raf8 26. Kg2 Kh7 27. Be3 Ng8 28. Rcd1 Nf6 1/2-1/2

[Event "Niedersachsen-ch op-A"]
[Site "Verden"]
[Date "2013.01.05"]
[Round "5"]
[White "Stummeyer, Dieter"]
[Black "Beinke, Lukas"]
[Result "0-1"]
[WhiteElo "1858"]
[BlackElo "1844"]
[PlyCount "34"]
[EventDate "2013.01.03"]
[EventType "swiss"]
[EventRounds "7"]
[EventCountry "GER"]
[SourceTitle "EXT 2014"]
[Source "ChessBase"]
[SourceDate "2013.11.20"]
[SourceVersion "1"]
[SourceVersionDate "2013.11.20"]
[SourceQuality "1"]

1. e4 d5 2. exd5 Qxd5 3. Nc3 Qa5 4. d4 Nf6 5. Bd2 c6 6. Bc4 Bf5 7. Nf3 e6 8. 0-0 Qc7 9. Re1 Be7 10. Ne5 Nbd7 11. g4 Nxe5 12. dxe5 Nxg4 13. Bf4 Qb6 14. Qf3 0-0-0 15. h3 Nh6 16. Re2 g5 17. Be3 Qxb2 0-1

[Event "Niedersachsen-ch op-A"]
[Site "Verden"]
[Date "2013.01.04"]
[Round "3"]
[White "Beinke, Lukas"]
[Black "Hoppe, Andreas"]
[Result "1-0"]
[WhiteElo "1844"]
[BlackElo "1751"]
[PlyCount "47"]
[EventDate "2013.01.03"]
[EventType "swiss"]
[EventRounds "7"]
[EventCountry "GER"]
[SourceTitle "EXT 2014"]
[Source "ChessBase"]
[SourceDate "2013.11.20"]
[SourceVersion "1"]
[SourceVersionDate "2013.11.20"]
[SourceQuality "1"]

1. e4 e6 2. d3 d5 3. Nd2 c5 4. g3 Bd7 5. Bg2 Bc6 6. Qe2 Qc7 7. Ngf3 Nd7 8. 0-0 Ne7 9. c3 Ng6 10. d4 Qb6 11. Re1 Bb5 12. Qd1 0-0-0 13. exd5 exd5 14. a4 Bc6 15. a5 Qc7 16. dxc5 Bxc5 17. b4 Bd6 18. Nd4 Nde5 19. a6 b6 20. N2b3 Bd7 21. Bxd5 Qxc3 22. Bg5 Qxb4 23. Bd2 Bg4 24. Qc1+ 1-0

[Event "Niedersachsen-ch op-A"]
[Site "Verden"]
[Date "2013.01.03"]
[Round "2"]
[White "Baeuerlein, Johannes"]
[Black "Beinke, Lukas"]
[Result "0-1"]
[WhiteElo "1709"]
[BlackElo "1844"]
[PlyCount "156"]
[EventDate "2013.01.03"]
[EventType "swiss"]
[EventRounds "7"]
[EventCountry "GER"]
[SourceTitle "EXT 2014"]
[Source "ChessBase"]
[SourceDate "2013.11.20"]
[SourceVersion "1"]
[SourceVersionDate "2013.11.20"]
[SourceQuality "1"]

1. d4 Nf6 2. c4 c5 3. d5 e6 4. Nc3 exd5 5. cxd5 d6 6. e4 g6 7. f3 Bg7 8. Bg5 h6 9. Be3 0-0 10. Qd2 Kh7 11. Nge2 Nbd7 12. Nc1 a6 13. a4 Qc7 14. a5 Re8 15. Be2 b5 16. axb6 Nxb6 17. 0-0 Nfd7 18. Nb3 Ne5 19. Na5 f5 20. f4 Nf7 21. exf5 Rxe3 22. fxg6+ Kxg6 23. f5+ Bxf5 24. Rxf5 Bd4 25. Rf2 Re5 26. Nc6 Bxf2+ 27. Kxf2 Ree8 28. Rf1 Ne5 29. Kg1 Rf8 30. Nxe5+ dxe5 31. Qd3+ Kg7 32. Qg3+ Kh8 33. Rd1 Qg7 34. Qh3 Rf7 35. Ne4 Rd8 36. d6 Rfd7 37. Bxa6 Qg6 38. Bd3 c4 39. Nc5 cxd3 40. Nxd7 Rxd7 41. Qxd3 Qxd3 42. Rxd3 Kg7 43. Kf2 Kf7 44. b3 Ke6 45. Rh3 Rh7 46. b4 Kxd6 47. Ke3 Nd5+ 48. Ke4 Nxb4 49. Rh5 Nc6 50. g4 Ke6 51. g5 Ne7 52. gxh6 Ng6 53. h3 Kf6 54. Rf5+ Ke6 55. Rh5 Rh8 56. h7 Kf6 57. Rf5+ Ke6 58. Rh5 Ra8 59. h4 Ra4+ 60. Ke3 Nh8 61. Rh6+ Kd5 62. h5 Ra8 63. Rf6 Ra7 64. Rh6 Rf7 65. Kd3 Rg7 66. Ke3 Rg3+ 67. Kf2 Ra3 68. Ke2 Ke4 69. Rg6 Ra7 70. Rh6 Ra2+ 71. Kd1 Kf5 72. Ke1 Ra8 73. Rb6 Nf7 74. Rb7 Ng5 75. Ke2 Rh8 76. Ke3 Rxh7 77. Rxh7 Nxh7 78. h6 Nf6 0-1

[Event "Bad Harzburg op 13th"]
[Site "Bad Harzburg"]
[Date "2012.11.03"]
[Round "7.18"]
[White "Beinke, Lukas"]
[Black "Strate, Gerda"]
[Result "1-0"]
[WhiteElo "1828"]
[BlackElo "1959"]
[PlyCount "133"]
[EventDate "2012.10.30"]
[EventType "swiss"]
[EventRounds "8"]
[EventCountry "GER"]
[SourceTitle "EXT 2022"]
[Source "ChessBase"]
[SourceDate "2021.10.06"]
[SourceVersion "1"]
[SourceVersionDate "2021.10.06"]
[SourceQuality "1"]

1. e4 e5 2. Nf3 Nc6 3. Bc4 h6 4. d4 exd4 5. Nxd4 Ne5 6. Bb3 Bb4+ 7. c3 Bd6 8. Nf5 Qf6 9. Nxd6+ cxd6 10. 0-0 Ne7 11. Be3 0-0 12. Bd4 Qh4 13. f4 N5c6 14. g3 Qh3 15. Bf2 Kh8 16. Qxd6 b6 17. Nd2 Ba6 18. Bc4 Bxc4 19. Nxc4 Rad8 20. a4 Nc8 21. Qd2 Qe6 22. Qd5 Qg6 23. f5 Qh5 24. Rae1 f6 25. Qd1 Qxd1 26. Rxd1 Rfe8 27. Rfe1 Ne5 28. Nxe5 Rxe5 29. Bd4 Ree8 30. e5 fxe5 31. Bxe5 d6 32. Bd4 Rf8 33. g4 d5 34. Re6 Kg8 35. Rg6 Rf7 36. f6 Kh7 37. Rxg7+ Rxg7 38. fxg7 Nd6 39. Rf1 Rg8 40. Rf6 Nc4 41. Rf2 Nd6 42. b3 Ne4 43. Rf7 Nd2 44. b4 Kg6 45. Rxa7 Nf3+ 46. Kg2 Nxd4 47. cxd4 Kg5 48. Kg3 Rc8 49. h4+ Kg6 50. Kf4 Kh7 51. Ke5 Rc1 52. Kxd5 Rg1 53. g5 hxg5 54. hxg5 Rxg5+ 55. Kc6 Rg6+ 56. Kb5 Rd6 57. Kc4 Rc6+ 58. Kd5 Rc8 59. a5 Rd8+ 60. Kc6 bxa5 61. b5 Rxd4 62. b6 Rc4+ 63. Kb5 Rb4+ 64. Kxa5 Rb1 65. b7 Ra1+ 66. Kb4 Rxa7 67. g8Q+ 1-0

[Event "GER-chT North U16"]
[Site "Berlin"]
[Date "2012.09.07"]
[Round "3.1"]
[White "Beinke, Lukas"]
[Black "Zimmermann, Christian"]
[Result "1/2-1/2"]
[WhiteElo "1887"]
[BlackElo "1951"]
[PlyCount "99"]
[EventDate "2012.09.06"]
[EventType "team-swiss"]
[EventRounds "7"]
[EventCountry "GER"]
[SourceTitle "EXT 2015"]
[Source "ChessBase"]
[SourceDate "2014.11.20"]
[SourceVersion "1"]
[SourceVersionDate "2014.11.20"]
[SourceQuality "1"]
[WhiteTeam "Hagen"]
[BlackTeam "Cothen Germania"]
[WhiteTeamCountry "GER"]
[BlackTeamCountry "GER"]

1. e4 c5 2. d3 d6 3. g3 g6 4. Bg2 Bg7 5. Nf3 Nc6 6. 0-0 e6 7. c3 Nge7 8. Be3 b6 9. Qd2 Ba6 10. Rd1 0-0 11. Bh6 Rc8 12. Bxg7 Kxg7 13. d4 Qc7 14. Na3 Rfd8 15. Rac1 Na5 16. b4 Nc4 17. Nxc4 Bxc4 18. a3 Qb7 19. Qe3 cxb4 20. cxb4 Qa6 21. Bh3 Rc7 22. d5 e5 23. Nxe5 dxe5 24. d6 Rb7 25. Qc3 Bb5 26. dxe7 Rxd1+ 27. Rxd1 Rxe7 28. f4 Be2 29. Rd5 Qc4 30. Qxc4 Bxc4 31. Rxe5 Rxe5 32. fxe5 Bd3 33. Bg2 f6 34. exf6+ Kxf6 35. Kf2 Ke5 36. Ke3 Bc2 37. h4 h6 38. Bf3 Bb1 39. a4 Bc2 40. a5 bxa5 41. bxa5 Bb1 42. a6 Bc2 43. Be2 Bxe4 44. Bd3 Bxd3 45. Kxd3 Kf5 46. Ke3 g5 47. hxg5 hxg5 48. Kf3 g4+ 49. Ke3 Ke5 50. Kd3 1/2-1/2

[Event "GER-chT U20"]
[Site "Osnabrueck"]
[Date "2011.12.30"]
[Round "7.6"]
[White "Groetzbach, Julian"]
[Black "Beinke, Lukas"]
[Result "1-0"]
[WhiteElo "1991"]
[BlackElo "1689"]
[PlyCount "49"]
[EventDate "2011.12.27"]
[EventType "team-swiss"]
[EventRounds "7"]
[EventCountry "GER"]
[SourceTitle "CBM 146 Extra"]
[Source "ChessBase"]
[SourceDate "2012.02.29"]
[SourceVersion "1"]
[SourceVersionDate "2012.02.29"]
[SourceQuality "1"]
[WhiteTeam "Hamburger SK"]
[BlackTeam "Hagen"]
[WhiteTeamCountry "GER"]
[BlackTeamCountry "GER"]

1. e4 d5 2. exd5 Qxd5 3. Nf3 Nf6 4. d4 Nc6 5. Be2 Bg4 6. c4 Qf5 7. Be3 e6 8. a3 Bd6 9. Nbd2 0-0 10. h3 Bxf3 11. Nxf3 Rfd8 12. g4 Qa5+ 13. b4 Bxb4+ 14. axb4 Qxb4+ 15. Qd2 Qxd2+ 16. Kxd2 Nxd4 17. Bxd4 c5 18. Ke3 cxd4+ 19. Nxd4 e5 20. Nb3 a6 21. Rhd1 Nd7 22. Bf3 Rab8 23. Na5 Nc5 24. Rxd8+ Rxd8 25. Nxb7 1-0

[Event "GER-chT U20"]
[Site "Osnabrueck"]
[Date "2011.12.29"]
[Round "6.6"]
[White "Beinke, Lukas"]
[Black "Wagner, Robert"]
[Result "1-0"]
[WhiteElo "1689"]
[BlackElo "1770"]
[PlyCount "53"]
[EventDate "2011.12.27"]
[EventType "team-swiss"]
[EventRounds "7"]
[EventCountry "GER"]
[SourceTitle "CBM 146 Extra"]
[Source "ChessBase"]
[SourceDate "2012.02.29"]
[SourceVersion "1"]
[SourceVersionDate "2012.02.29"]
[SourceQuality "1"]
[WhiteTeam "Hagen"]
[BlackTeam "Forchheim"]
[WhiteTeamCountry "GER"]
[BlackTeamCountry "GER"]

1. e4 c5 2. Nf3 d6 3. d4 cxd4 4. Nxd4 Nf6 5. Nc3 Nc6 6. Be3 g6 7. Bc4 Bg7 8. Qd2 0-0 9. f3 Bd7 10. 0-0-0 Ne5 11. Be2 Rc8 12. g4 Nc4 13. Bxc4 Rxc4 14. h4 a6 15. h5 b5 16. Qh2 b4 17. Nd5 Nxd5 18. exd5 g5 19. Qe2 Rc8 20. Bxg5 Re8 21. Qd2 Qa5 22. Bh6 Qxa2 23. Qg5 Rxc2+ 24. Kxc2 Rc8+ 25. Kd2 Qxb2+ 26. Ke1 Qc3+ 27. Kf2 1-0